000 00541nam a22001817a 4500
005 20251108164658.0
008 250721s1992 xx 000 0 ara d
082 1 4 _a811.1/أحم
100 1 _aالأمين، أحمد
245 1 0 _aالمعلقات العشر و أخبار قائليها /
264 1 _aالقاهرة :
_bالمكتبة الأزهرية،
_c1992.
300 _a144 ص
650 1 7 _aالشعر العربي
650 1 7 _aالعصر الجاهلي
650 1 7 _aالمعلقات
942 _2ddc
_cBK
999 _c11661
_d11661